000 00523cam a22002051 4500
001 7373813
005 20180206084415.0
008 730207s1938 mau 000 0 eng
010 _a 39000849
035 _a(OCoLC)555075
040 _aDLC
_cOKentU
_dOCoLC
_dDLC
041 _aeng
080 _a658 che
082 _a658 che
100 1 _a54
101 _aman
245 1 4 _aThe functions of the executive,
_cby Chester I. Barnard ...
906 _a7
_bcbc
_coclcrpl
_du
_encip
_f19
_gy-gencatlg
942 _2ddc
_cBK
999 _c41943
_d41943